<?xml version="1.0" encoding="UTF-8"?>
<record
    xmlns:xsi="http://www.w3.org/2001/XMLSchema-instance"
    xsi:schemaLocation="http://www.loc.gov/MARC21/slim http://www.loc.gov/standards/marcxml/schema/MARC21slim.xsd"
    xmlns="http://www.loc.gov/MARC21/slim">

  <leader>01365nam a22002537a 4500</leader>
  <controlfield tag="001">BRCA_9264</controlfield>
  <controlfield tag="003">FranzMayer</controlfield>
  <controlfield tag="005">20230719122132.0</controlfield>
  <controlfield tag="008">230719b        |||||||| |||| 00| 0 eng d</controlfield>
  <datafield tag="040" ind1=" " ind2=" ">
    <subfield code="a">MFM</subfield>
    <subfield code="b">esp</subfield>
    <subfield code="c">MFM</subfield>
  </datafield>
  <datafield tag="041" ind1=" " ind2=" ">
    <subfield code="a">esp</subfield>
  </datafield>
  <datafield tag="050" ind1=" " ind2="4">
    <subfield code="a">LM23</subfield>
    <subfield code="b">T75 1769</subfield>
  </datafield>
  <datafield tag="082" ind1=" " ind2=" ">
    <subfield code="2">JZ1582</subfield>
  </datafield>
  <datafield tag="100" ind1="1" ind2=" ">
    <subfield code="4">Autor</subfield>
    <subfield code="a">Trincado, Don Manuel</subfield>
    <subfield code="q">Presbytero de la Villa de Cintruenigo, en el Reyno de Navarra </subfield>
    <subfield code="9">28838</subfield>
  </datafield>
  <datafield tag="240" ind1="1" ind2=" ">
    <subfield code="a">Compendio hist&#xF3;rico, geogr&#xE1;fico y geneal&#xF3;gico de los soberanos de Europa</subfield>
    <subfield code="l">esp</subfield>
  </datafield>
  <datafield tag="245" ind1=" " ind2=" ">
    <subfield code="a">Compendio hist&#xF3;rico, geogr&#xE1;fico y geneal&#xF3;gico de los soberanos de Europa</subfield>
    <subfield code="b">Descripci&#xF3;n de sus cortes, Religi&#xF3;n y fuerzas, con la serie de sus pr&#xED;ncipes, hasta el a&#xF1;o de 1766</subfield>
  </datafield>
  <datafield tag="260" ind1=" " ind2=" ">
    <subfield code="a">Madrid, Espa&#xF1;a</subfield>
    <subfield code="b">Real Compa&#xF1;&#xED;a de Impresores y Mercaderes de Libros del Reyno </subfield>
    <subfield code="c">1769</subfield>
  </datafield>
  <datafield tag="300" ind1=" " ind2=" ">
    <subfield code="a">456 p</subfield>
    <subfield code="c">21.5</subfield>
  </datafield>
  <datafield tag="500" ind1=" " ind2=" ">
    <subfield code="a">P&#xE1;gina 385 y 392 se encuentran desprendidas y fueron colocadas aparte en un pl&#xE1;stico protector.Incluye dos papeles peque&#xF1;os y algo despintados en pl&#xE1;stico protector. </subfield>
  </datafield>
  <datafield tag="505" ind1="0" ind2=" ">
    <subfield code="a">Texto en: espa&#xF1;olDirigido a: historiadores, investigadores, soci&#xF3;logos, o personas con inter&#xE9;s en la historia de Europa.&#xCD;ndice: alfab&#xE9;tico de los monarcas mencionados</subfield>
  </datafield>
  <datafield tag="650" ind1="1" ind2=" ">
    <subfield code="2">Historia</subfield>
    <subfield code="a">Historia europea</subfield>
    <subfield code="v">Monarqu&#xED;a</subfield>
    <subfield code="9">28839</subfield>
  </datafield>
  <datafield tag="651" ind1="2" ind2=" ">
    <subfield code="2">Europa Occidental</subfield>
    <subfield code="a">Monarqu&#xED;a europea</subfield>
    <subfield code="v">Siglo XVIII</subfield>
    <subfield code="9">28840</subfield>
  </datafield>
  <datafield tag="942" ind1=" " ind2=" ">
    <subfield code="2">lcc</subfield>
    <subfield code="c">B</subfield>
  </datafield>
  <datafield tag="999" ind1=" " ind2=" ">
    <subfield code="c">10883</subfield>
    <subfield code="d">10883</subfield>
  </datafield>
  <datafield tag="952" ind1=" " ind2=" ">
    <subfield code="0">0</subfield>
    <subfield code="1">0</subfield>
    <subfield code="2">lcc</subfield>
    <subfield code="4">0</subfield>
    <subfield code="7">0</subfield>
    <subfield code="8">CFM</subfield>
    <subfield code="a">BRCA</subfield>
    <subfield code="b">BRCA</subfield>
    <subfield code="d">2023-07-19</subfield>
    <subfield code="e">Donaci&#xF3;n</subfield>
    <subfield code="l">0</subfield>
    <subfield code="o">LM23 T75 1769</subfield>
    <subfield code="p">CFM00497</subfield>
    <subfield code="r">2023-07-19 00:00:00</subfield>
    <subfield code="w">2023-07-19</subfield>
    <subfield code="y">B</subfield>
  </datafield>
</record>
